[Event "Belgrade Spring op"]
[Site "Belgrade"]
[Date "2012.03.28"]
[Round "5"]
[White "Stamenkovic, Aleksandar"]
[Black "Dunjic, Dragan"]
[Result "1-0"]
[WhiteElo "2288"]
[BlackElo "2140"]
[PlyCount "133"]
[EventDate "2012.03.24"]
[EventType "swiss"]
[EventRounds "9"]
[EventCountry "SRB"]
[SourceTitle "CBM 147 Extra"]
[Source "ChessBase"]
[SourceDate "2012.04.24"]
[SourceVersion "1"]
[SourceVersionDate "2012.04.24"]
[SourceQuality "1"]

1. Nf3 d5 2. d4 Nf6 3. c4 c6 4. e3 Bf5 5. Nc3 e6 6. Nh4 Be4 7. f3 Bg6 8. g3 Nbd7 9. e4 dxe4 10. Nxg6 hxg6 11. fxe4 e5 12. d5 Bb4 13. Bg2 Qb6 14. Qe2 Qd4 15. Bd2 Nb6 16. a3 Bxc3 17. Bxc3 Qxc4 18. Bxe5 cxd5 19. Bxf6 Qxe2+ 20. Kxe2 gxf6 21. exd5 0-0-0 22. Rac1+ Kb8 23. Rcd1 Rd6 24. Rd4 Rh5 25. Bf3 Re5+ 26. Kf2 f5 27. Rhd1 Nd7 28. Rc1 Re8 29. h3 Ne5 30. Bg2 Rc8 31. Rxc8+ Kxc8 32. Bf1 Kc7 33. Ke3 Rd8 34. Kf4 Kd6 35. Bg2 Rc8 36. Rd2 f6 37. Bf1 a6 38. h4 Rc1 39. Be2 Rh1 40. h5 gxh5 41. Kxf5 Rh2 42. Kf4 Nc4 43. Rc2 Rf2+ 44. Ke4 Ne5 45. Bd1 Ng4 46. b4 f5+ 47. Kd4 Rf1 48. Be2 Rg1 49. Rc8 Rxg3 50. Rd8+ Kc7 51. Rf8 Re3 52. Bd3 Rf3 53. Bxf5 Rf4+ 54. Kd3 Nh6 55. Rc8+ Kd6 56. Be6 h4 57. Ke3 Rf6 58. Ke4 Rf1 59. Rd8+ Kc7 60. Rd7+ Kb6 61. Rh7 Rf6 62. Ke5 Rg6 63. Bc8 Kb5 64. Rxb7+ Kc4 65. d6 Rg5+ 66. Kf6 Rg8 67. Be6+ 1-0

[Event "Belgrade-ch"]
[Site "Belgrade"]
[Date "2012.01.29"]
[Round "8"]
[White "Govedarica, Radovan"]
[Black "Dunjic, Dragan"]
[Result "1-0"]
[WhiteElo "2394"]
[BlackElo "2122"]
[PlyCount "32"]
[EventDate "2012.01.22"]
[EventType "swiss"]
[EventRounds "9"]
[EventCountry "SRB"]
[SourceTitle "CBM 146 Extra"]
[Source "ChessBase"]
[SourceDate "2012.02.29"]
[SourceVersion "1"]
[SourceVersionDate "2012.02.29"]
[SourceQuality "1"]

1. e4 d5 2. exd5 Qxd5 3. Nc3 Qd6 4. d4 Nf6 5. Nf3 Bg4 6. h3 Bxf3 7. Qxf3 c6 8. Be3 e6 9. 0-0-0 Nbd7 10. g4 h6 11. Bg2 Qb4 12. a3 Qa5 13. Bd2 Qc7 14. h4 Nb6 15. Bf4 Qd7 16. Be5 Nbd5 1-0

[Event "Belgrade Trophy 25th"]
[Site "Obrenovac"]
[Date "2011.11.29"]
[Round "6"]
[White "Stamenkovic, Aleksandar"]
[Black "Dunjic, Dragan"]
[Result "1-0"]
[WhiteElo "2300"]
[BlackElo "2123"]
[PlyCount "75"]
[EventDate "2011.11.24"]
[EventType "swiss"]
[EventRounds "9"]
[EventCountry "YUG"]
[SourceTitle "CBM 145 Extra"]
[Source "ChessBase"]
[SourceDate "2012.01.03"]
[SourceVersion "1"]
[SourceVersionDate "2012.01.03"]
[SourceQuality "1"]

1. d4 d5 2. Nf3 Nf6 3. c4 c6 4. e3 e6 5. Bd3 Nbd7 6. 0-0 Be7 7. b3 0-0 8. Qc2 c5 9. Bb2 b6 10. Nbd2 Bb7 11. cxd5 exd5 12. Rad1 Rc8 13. dxc5 Bxc5 14. Qb1 Qe7 15. Bf5 Rcd8 16. Bd3 h6 17. Nd4 Ne5 18. Be2 Bc8 19. h3 Bd7 20. N2f3 Nxf3+ 21. Nxf3 Bc8 22. Nd4 Bd7 23. Bf3 Ne4 24. Qd3 Rfe8 25. Qe2 Qg5 26. Bg4 Bxg4 27. Qxg4 Qxg4 28. hxg4 f6 29. Ne2 Nxf2 30. Kxf2 Bxe3+ 31. Kf3 Bc5 32. Rd3 Re7 33. Nf4 Rde8 34. Bd4 Bxd4 35. Rxd4 Re3+ 36. Kf2 R8e5 37. Rfd1 Rc3 38. Rxd5 1-0

[Event "Belgrade-chT Quality"]
[Site "Belgrade"]
[Date "2011.11.02"]
[Round "9"]
[White "Dunjic, Dragan"]
[Black "Kreckovic, Milos"]
[Result "1-0"]
[WhiteElo "2124"]
[BlackElo "2204"]
[PlyCount "41"]
[EventDate "2011.10.15"]
[EventType "team-swiss"]
[EventRounds "11"]
[EventCountry "SRB"]
[SourceTitle "EXT 2012"]
[Source "ChessBase"]
[SourceDate "2011.11.24"]
[SourceVersion "1"]
[SourceVersionDate "2011.11.24"]
[SourceQuality "1"]

1. d4 Nf6 2. c4 e6 3. Nc3 Bb4 4. Qc2 Nc6 5. Nf3 d6 6. Bg5 h6 7. Bh4 g5 8. Bg3 g4 9. d5 exd5 10. cxd5 Nxd5 11. Bh4 Qd7 12. Nd2 Bxc3 13. bxc3 Qe6 14. e3 Ne5 15. Be2 Bd7 16. Rb1 Ng6 17. Bg3 Bc6 18. Nb3 0-0-0 19. Nd4 Qe5 20. Nxc6 bxc6 21. 0-0 1-0

[Event "Gorazde op"]
[Site "Gorazde"]
[Date "2011.09.17"]
[Round "5"]
[White "Hutinovic, Halim"]
[Black "Dunjic, Dragan"]
[Result "1/2-1/2"]
[WhiteElo "2039"]
[BlackElo "2124"]
[PlyCount "169"]
[EventDate "2011.09.15"]
[EventType "swiss"]
[EventRounds "7"]
[EventCountry "BIH"]
[SourceTitle "CBM 144 Extra"]
[Source "ChessBase"]
[SourceDate "2011.10.28"]
[SourceVersion "1"]
[SourceVersionDate "2011.10.28"]
[SourceQuality "1"]

1. d4 d5 2. Nf3 Nf6 3. g3 g6 4. Bg2 Bg7 5. 0-0 0-0 6. c4 c6 7. Nbd2 e6 8. Qc2 Nbd7 9. b3 c5 10. e3 b6 11. Bb2 Bb7 12. Ne5 Nxe5 13. dxe5 Ng4 14. Nf3 Qc7 15. Qc3 dxc4 16. Qxc4 Nxe5 17. Bxe5 Bxe5 18. Nxe5 Bxg2 19. Kxg2 Qxe5 20. Rad1 Rfd8 21. Qh4 Rd5 22. Qe7 Kg7 23. Kg1 Qh5 24. Rc1 Qh3 25. Qb7 Rad8 26. a4 Rh5 27. Qg2 Qxg2+ 28. Kxg2 Rhd5 29. Rc4 Rd2 30. b4 cxb4 31. Rxb4 R8d5 32. g4 Ra2 33. Rc1 g5 34. Kf3 Rdd2 35. Rf1 Kg6 36. h3 h6 37. Rc4 Kf6 38. Kg3 Kg7 39. f4 Rac2 40. Re4 a6 41. Rb4 Rb2 42. Rb1 Rg2+ 43. Kf3 Rbf2+ 44. Ke4 gxf4 45. exf4 Ra2 46. R1b3 Rgd2 47. f5 Rd6 48. fxe6 Rxe6+ 49. Kf3 Kg6 50. h4 h5 51. g5 Kg7 52. Kg3 Re1 53. Rf3 Rg1+ 54. Kh3 Rg4 55. Rxb6 Raxa4 56. Rbf6 Rxh4+ 57. Kg3 Rhg4+ 58. Kh3 Rxg5 59. Rxf7+ Kh6 60. R7f6+ Rg6 61. Rf8 Ra1 62. Kh2 Ra5 63. Kh3 Rag5 64. Rh8+ Kg7 65. Rff8 Rg3+ 66. Kh2 h4 67. Ra8 h3 68. Rhg8+ Kf7 69. Rxg6 Rxg6 70. Kxh3 Ke7 71. Kh4 Kd7 72. Kh5 Rd6 73. Kg5 Kc7 74. Kf5 Kb7 75. Ke5 Rd1 76. Rf8 a5 77. Ke4 a4 78. Rf6 Rd8 79. Ke3 Rd5 80. Rf4 Ra5 81. Kd3 a3 82. Rf1 Ka6 83. Kc3 Rh5 84. Ra1 Kb5 85. Rxa3 1/2-1/2